Educational planning for educational planners, managers and student-teachers in Africa / (Record no. 978)
| 000 -LEADER | |
|---|---|
| fixed length control field | 01216nam a22002057a 4500 |
| 003 - CONTROL NUMBER IDENTIFIER | |
| control field | OSt |
| 005 - DATE AND TIME OF LATEST TRANSACTION | |
| control field | 20140116120842.0 |
| 008 - FIXED-LENGTH DATA ELEMENTS--GENERAL INFORMATION | |
| fixed length control field | 120730t xxu||||| |||| 00| 0 eng d |
| 020 ## - INTERNATIONAL STANDARD BOOK NUMBER | |
| International Standard Book Number | 99669098482 |
| 050 ## - LIBRARY OF CONGRESS CALL NUMBER | |
| Classification number | LC71.2.T45 2011 |
| 100 ## - MAIN ENTRY--PERSONAL NAME | |
| Personal name | Teklemariam, Amanuel Abraha. |
| 245 ## - TITLE STATEMENT | |
| Title | Educational planning for educational planners, managers and student-teachers in Africa / |
| Statement of responsibility, etc | Amanuel Abraha Teklmariam and Pauline A. O. Nam. |
| 260 ## - PUBLICATION, DISTRIBUTION, ETC. (IMPRINT) | |
| Place of publication, distribution, etc | Nairobi : |
| Name of publisher, distributor, etc | CUEA Press, |
| Date of publication, distribution, etc | 2011. |
| 300 ## - PHYSICAL DESCRIPTION | |
| Extent | xvi, 206 p. : |
| Other physical details | ill. |
| 504 ## - BIBLIOGRAPHY, ETC. NOTE | |
| Bibliography, etc | Includes bibliographical references and index. |
| 505 ## - FORMATTED CONTENTS NOTE | |
| Formatted contents note | The nature and significance of planning -- <br/>The concept and history of educational planning -- <br/>Basic principles of educational planning -- <br/>Approaches to educational planning -- <br/>The process to educational planning -- <br/>Constraints to educational planning and suggested solutions -- <br/>Macro planning: The example of planning at school level -- Resources management in educational planning --<br/>Decision making in educational planning -- <br/>Policy and legal issues for educational planners -- <br/>Monitoring and evaluation in educational planning. |
| 650 ## - SUBJECT ADDED ENTRY--TOPICAL TERM | |
| Topical term or geographic name as entry element | Educational planning |
| 700 ## - ADDED ENTRY--PERSONAL NAME | |
| Personal name | Nam, Pauline A. O. |
| 942 ## - ADDED ENTRY ELEMENTS (KOHA) | |
| Source of classification or shelving scheme | |
| Koha item type | Book |
| Withdrawn status | Lost status | Source of classification or shelving scheme | Damaged status | Not for loan | Home library | Current library | Date acquired | Total Checkouts | Total Renewals | Full call number | Barcode | Date last seen | Date checked out | Copy number | Price effective from | Koha item type |
|---|---|---|---|---|---|---|---|---|---|---|---|---|---|---|---|---|
| Riara University Library | Riara University Library | 30/07/2012 | 13 | 7 | LC71.2.T45 2011 | 3324/12 | 23/10/2019 | 09/10/2019 | C.1 | 30/07/2012 | Book | |||||
| Riara University Library | Riara University Library | 30/07/2012 | 10 | 4 | LC71.2.T45 2011 | 3325/12 | 26/11/2018 | 17/11/2016 | C.2 | 30/07/2012 | Book | |||||
| Riara University Library | Riara University Library | 30/07/2012 | 10 | 4 | LC71.2.T45 2011 | 3323/12 | 13/11/2019 | 30/10/2019 | C.3 | 30/07/2012 | Book |
